[Event "Lympia Cyprus-ch op"]
[Site "Lympia"]
[Date "2020.01.18"]
[Round "4"]
[White "Amvrosiades, Themistokles"]
[Black "Lomadze, Alexandr"]
[Result "0-1"]
[WhiteElo "843"]
[BlackElo "1187"]
[PlyCount "52"]
[EventDate "2020.01.05"]
[EventType "swiss"]
[EventRounds "9"]
[EventCountry "CYP"]
[SourceTitle "CBM 194 Extra"]
[Source "ChessBase"]
[SourceDate "2020.03.31"]
[SourceVersion "1"]
[SourceVersionDate "2020.03.31"]
[SourceQuality "1"]

1. e4 c5 2. Nc3 Nc6 3. Nf3 Nf6 4. Bc4 e5 5. d3 d6 6. h3 Be7 7. 0-0 0-0 8. Bg5 Bd7 9. Nd5 Nxd5 10. Bxe7 Qxe7 11. exd5 Nd4 12. Nd2 Qg5 13. Nf3 Nxf3+ 14. Qxf3 b5 15. Bb3 a5 16. c3 f5 17. Rfe1 f4 18. g4 fxg3 19. Qxf8+ Rxf8 20. Kf1 Rxf2+ 21. Kg1 Bxh3 22. Rf1 Rxf1+ 23. Rxf1 Qe3+ 24. Kh1 g2+ 25. Kh2 gxf1Q 26. Bd1 Qg2# 0-1